Every Song by Ozzy Osbourne - Statistics

General Stats
  • This quiz has been taken 170 times
  • The average score is 31 of 140
Answer Stats
Album Song % Correct
Blizzard of Ozz(1980) Crazy Train
94%
Bark at the Moon(1983) Bark at the Moon
84%
No More Tears(1991) No More Tears
79%
No More Tears(1991) Mama, I'm Coming Home
70%
Blizzard of Ozz(1980) Mr. Crowley
68%
Diary of a Madman(1981) Diary of a Madman
61%
No More Tears(1991) S.I.N.
61%
Black Rain(2007) Black Rain
59%
The Ultimate Sin(1986) The Ultimate Sin
56%
Patient Number 9(2022) Patient Number 9
53%
ØRD†NARY MAN(2020) Ordinary Man
48%
Ozzmosis(1995) Perry Mason
46%
The Ultimate Sin(1986) Shot in the Dark
46%
Down to Earth(2001) Dreamer
44%
Blizzard of Ozz(1980) I Don't Know
44%
No More Tears(1991) Hellraiser
41%
Diary of a Madman(1981) Over the Mountain
41%
Blizzard of Ozz(1980) Suicide Solution
40%
No More Tears(1991) Mr. Tinkertrain
39%
Diary of a Madman(1981) Flying High Again
37%
ØRD†NARY MAN(2020) Goodbye
37%
Blizzard of Ozz(1980) Goodbye to Romance
35%
Blizzard of Ozz(1980) Dee
33%
Black Rain(2007) I Don't Wanna Stop
32%
No Rest for the Wicked(1988) Miracle Man
30%
Blizzard of Ozz(1980) No Bone Movies
30%
Diary of a Madman(1981) Believer
29%
Blizzard of Ozz(1980) Revelation (Mother Earth)
29%
Diary of a Madman(1981) S.A.T.O.
28%
Blizzard of Ozz(1980) Steal Away (The Night)
27%
No More Tears(1991) Zombie Stomp
27%
Ozzmosis(1995) I Just Want You
26%
The Ultimate Sin(1986) Killer of Giants
26%
No More Tears(1991) Road to Nowhere
26%
Diary of a Madman(1981) You Can't Kill Rock and Roll
26%
Scream(2010) Time
25%
ØRD†NARY MAN(2020) Under the Graveyard
25%
No Rest for the Wicked(1988) Crazy Babies
24%
No More Tears(1991) Desire
24%
Diary of a Madman(1981) Little Dolls
24%
Bark at the Moon(1983) So Tired
24%
No More Tears(1991) Time After Time
24%
No More Tears(1991) I Don't Want to Change the World
23%
Scream(2010) Let Me Hear You Scream
23%
Ozzmosis(1995) See You on the Other Side
23%
No More Tears(1991) A.V.H.
21%
The Ultimate Sin(1986) Never
21%
The Ultimate Sin(1986) Secret Loser
21%
Bark at the Moon(Bonus)(1983) Spiders
21%
No Rest for the Wicked(1988) Demon Alcohol
20%
The Ultimate Sin(1986) Lightning Strikes
20%
Bark at the Moon(1983) Rock 'n' Roll Rebel
20%
No Rest for the Wicked(1988) Tattooed Dancer
20%
No Rest for the Wicked(1988) Bloodbath in Paradise
19%
ØRD†NARY MAN(2020) It's a Raid
19%
Diary of a Madman(1981) Tonight
19%
Bark at the Moon(1983) Waiting for Darkness
19%
No Rest for the Wicked(1988) Fire in the Sky
18%
Down to Earth(2001) Gets Me Through
18%
Ozzmosis(1995) Ghost Behind My Eyes
18%
No Rest for the Wicked(1988) Hero
18%
Ozzmosis(1995) My Little Man
18%
Black Rain(2007) Not Going Away
18%
Bark at the Moon(Bonus)(2002) One Up the 'B' Side
18%
No More Tears(Bonus)(2002) Party with the Animals
18%
ØRD†NARY MAN(2020) Scary Little Green Men
18%
ØRD†NARY MAN(2020) Straight to Hell
18%
The Ultimate Sin(1986) Thank God for the Bomb
18%
Ozzmosis(1995) Thunder Underground
18%
Bark at the Moon(1983) Centre of Eternity
17%
Bark at the Moon(1983) You're No Different
17%
The Ultimate Sin(1986) Fool Like You
16%
The Ultimate Sin(1986) Never Know Why
16%
Bark at the Moon(1983) Slow Down
16%
Ozzmosis(1995) Tomorrow
16%
Ozzmosis(Bonus)(2002) Aimee
15%
No Rest for the Wicked(1988) Breakin' All the Rules
15%
No Rest for the Wicked(1988) Devil's Daughter (Holy War)
15%
No More Tears(Bonus)(2002) Don't Blame Me
15%
ØRD†NARY MAN(2020) Eat Me
15%
Ozzmosis(1995) My Jekyll Doesn't Hide
15%
Bark at the Moon(1983) Now You See It (Now You Don't)
15%
Ozzmosis(1995) Old L.A. Tonight
15%
No Rest for the Wicked(Bonus)(1988) The Liar
14%
Black Rain(2007) Countdown's Begun
13%
Patient Number 9(2022) Darkside Blues
13%
ØRD†NARY MAN(2020) Holy for Tonight
13%
Scream(2010) I Love You All
13%
Down to Earth(2001) Junkie
13%
Patient Number 9(2022) Parasite
13%
Scream(2010) Soul Sucker
13%
Black Rain(2007) 11 Silver
12%
ØRD†NARY MAN(2020) All My Life
12%
Down to Earth(2001) Black Illusion
12%
Patient Number 9(2022) Degradation Rules
12%
Down to Earth(2001) Facing Hell
12%
Patient Number 9(2022) God Only Knows
12%
Patient Number 9(2022) Immortal
12%
Scream(2010) Life Won't Wait
12%
Black Rain(2007) The Almighty Dollar
12%
Patient Number 9(2022) A Thousand Shades
11%
The Ozzman Cometh(1997) Back on Earth
11%
Down to Earth(2001) Can You Hear Them?
11%
Black Rain(2007) Civilize the Universe
11%
Scream(2010) Crucify
11%
Ozzmosis(1995) Denial
11%
Patient Number 9(2022) Evil Shuffle
11%
Scream(2010) Fearless
11%
Black Rain(2007) Here for You
11%
Black Rain(2007) Lay Your World on Me
11%
Scream(2010) Let It Die
11%
Patient Number 9(2022) Mr. Darkness
11%
Down to Earth(2001) No Easy Way Out
11%
Patient Number 9(2022) No Escape from Now
11%
Patient Number 9(2022) One of Those Days
11%
Down to Earth(2001) Running Out of Time
11%
Down to Earth(2001) That I Never Had"
11%
ØRD†NARY MAN(2020) Today Is the End
11%
Black Rain(2007) Trap Door
11%
Ozzy Osbourne Live EP(1980) You Said It All
11%
Down to Earth(2001) Alive
10%
Patient Number 9(2022) Dead and Gone
10%
Scream(Bonus)(2010) Jump the Moon
10%
Scream(2010) Latimer's Mercy
10%
Down to Earth(Bonus)(2001) No Place for Angels
10%
Patient Number 9(2022) Nothing Feels Right
10%
Non-Album(1996) Walk on Water
10%
Scream(2010) Diggin' Me Down
9%
Scream(Bonus)(2010) Hand of the Enemy
9%
Scream(2010) I Want It More
9%
Scream(Bonus)(2010) One More Time
9%
Down to Earth(2001) You Know...(Part 1)
9%
Blizzard of Ozz(Bonus)(2002) You Lookin' at Me Lookin' at You
9%
Black Rain(Bonus)(2007) Love to Hate
8%
Blizzard of Ozz(Bonus)(2011) RR
8%
Ozzmosis(Bonus)(2002) Whole World's Fallin' Down
8%
Black Rain(Bonus)(2007) I Can't Save You
6%
No More Tears(Bonus)(2021) Mrs J.
6%
Black Rain(Bonus)(2007) Nightmare
6%
Bark at the Moon(Bonus)(1983) Forever
4%
No matching quizzes found
Score Distribution
Percent of People with Each Score
Percentile by Number Answered
Your Score History
You have not taken this quiz